EU countries - Statistics

General Stats
  • This quiz has been taken 47 times
  • The average score is 13 of 27
Answers on the Grid
Answers color-coded by a green-red scale on the quiz's grid according to % correct below.
Sweden
Spain
Vatican City
Slovenia
San Marino
Slovakia
Romania
Portugal
Russia
Poland
Netherlands
Malta
Monaco
Luxemburg
Lithuania
Belarus
Latvia
Andorra
Italy
Ireland
Hungary
Greece
Ukraine
Germany
France
Serbia
Finland
Estonia
Denmark
North Macedonia
Czechia
United KIngdom
Montenegro
Moldova
Croatia
Bulgaria
Belgium
Bosnia and Herzegovina
Albania
Switzerland
Austria
Liechtenstein
Iceland
Norway
Cyprus
 
Answer Stats
Answer % Correct
Spain
90%
Sweden
80%
Poland
70%
Netherlands
60%
Portugal
60%
Slovakia
60%
France
55%
Germany
55%
Italy
55%
Lithuania
55%
Luxemburg
55%
Slovenia
55%
Belgium
50%
Denmark
50%
Hungary
50%
Romania
50%
Greece
45%
Latvia
45%
Czechia
40%
Finland
40%
Austria
35%
Bulgaria
35%
Estonia
35%
Croatia
30%
Ireland
30%
Cyprus
25%
Malta
25%
No matching quizzes found
Score Distribution
Percent of People with Each Score
Percentile by Number Answered
Your Score History
You have not taken this quiz